Most Popular Websites of the 1990s - Statistics

General Stats
  • This quiz has been taken 398 times
  • The average score is 6 of 49
Answer Stats
Category Website % Correct
portal Go
95%
search/portal Yahoo
81%
portal/ISP AOL
58%
shopping Amazon
47%
shopping eBay
40%
portal/ISP MSN
38%
computing Microsoft
37%
web mail Hotmail
26%
web hosting Geocities
18%
television NBC
18%
search/portal Netscape
18%
search Altavista
17%
university MIT.edu
16%
search Lycos
13%
media company Disney
8%
web hosting Angelfire
7%
media player Real
7%
portal/ISP Compuserv
6%
search/portal Excite
6%
portal/ISP Prodigy
6%
search WebCrawler
6%
search Hotbot
5%
media company Time Warner
5%
university umich.edu
5%
computing CNET
4%
search/information Infoseek
4%
search/portal MCom
4%
ecards Americangreetings
3%
? Digital
3%
directory Four11
3%
web hosting Juno
3%
adult Penthouse
3%
web hosting Tripod
3%
online community Well
3%
web hosting Xoom
3%
information About
2%
university cmu.edu
2%
portal/ISP GNN
2%
search Goto
2%
directory Infospace
2%
portal Primenet
2%
web hosting Simplenet
2%
directory Switchboard
2%
university UIUC.edu
2%
web hosting Webcom
2%
computing ZDNet
2%
web hosting Go2Net
1%
search/portal LookSmart
1%
search/portal Teleport
1%
No matching quizzes found
Score Distribution
Percent of People with Each Score
Percentile by Number Answered
Your Score History
You have not taken this quiz